000 00339 a2200169 4500
001 57545
020 _a8526241893
040 _cAnchieta - Pituba
100 _aChianca, Leonardo
240 1 0 _aHamlet
_lpor
245 1 0 _aHamlet
300 _a111
362 0 _a2004
440 1 _aScipione
650 4 _aLiteratura juvenil
942 _cBK
999 _c57545
_d57545